00513pam a2200193 a 4500001000800000005001700008008004100025020001500066020002200081040001800103082002300121100001900144245005200163260004200215300001300257500002000270650001900290650001000309383918220240227020820.0870416s1988 enk b 001 0 eng  a0582024005 a058229519X (pbk.) aDLCcDLCdDLC00a323.334.219bTHE.1 aCarter, April.14aThe politics of women's rights /cApril Carter. aLondon ;aNew York :bLongman,c1988. a211 p. ; aIncludes index. 0aWomen's rights 0aWomen